000 00595nam a2200229Ia 4500
999 _c5265
_d5265
003 0100
008 130227s9999 xx 000 0 und d
020 _a0824805194
040 _cARRUPELIB
050 _aGN671.N5W56 1977
100 _aWilliams, Francis Edgar
_938224
245 4 _aThe Vailala madness and other essays
260 _aHonolulu
_bUniversity Press of Hawaii
_c1977
300 _a432p
300 _b 21cm
650 _aEthnoloogy
_xCollected works
_zPapua New Guinea
_938225
650 _aWilliams, Francis Edgar
_938224
700 _aSchwimmer, Erik (ed)
_938226
942 _2lcc
_cMONOGRAPH